00469nam a2200133Ia 4500008004100000041000800041082001600049100002100065245003300086260003500119906001200154999001700166952015200183221007s9999 xx 000 0 und d aeng a658.81bHOP aHopkins T996716 aMastering The Art of Selling bWestland PublicationsaChennai bGeneral c61149d61149 00104070aHIMRbHIMRd2009-09-24eThe Word Book Shopg539.00i1l0o658.81 HOPpHIMR-AV-1066r2022-10-07 00:00:00v539.00w2009-09-15yVCzAV1066